000 00258nam a2200109Ia 4500
008 220216s9999 xx 000 0 und d
100 _aBirkett Clews C J
245 0 _aX-rays and rubber
260 _bIRI Transactions
_c1943
300 _a225-230
942 _cJS
999 _c72528
_d72528